| 000 | 00863nam a22002537i 4500 | ||
|---|---|---|---|
| 001 | IT\ICCU\URB\0957656 | ||
| 003 | ItRI | ||
| 005 | 20260315175545.0 | ||
| 008 | 220211s2022 it |||||| ||||| |||||c | ||
| 020 | _a9788807896040 | ||
| 040 |
_bita _cCentro di documentazione Omologie (CIG Arcigay Milano) |
||
| 041 | 7 |
_aita _2ISO-639-2 |
|
| 082 |
_a305.4209 _223 |
||
| 100 | 1 |
_aCantarella, Eva _0IT\ICCU\CFIV\102722 _4aut |
|
| 240 | 1 | 4 |
_aGli inganni di Pandora. _9Cantarella, Eva |
| 245 | 1 | 4 |
_aGli inganni di Pandora : _bl'origine delle discriminazioni di genere nella Grecia antica / _cEva Cantarella. |
| 260 |
_aMilano : _bFeltrinelli, _c2022 |
||
| 300 |
_a85 p. ; _c20 cm |
||
| 650 | 7 |
_aAntichità _xRuolo [delle] Donne _2nsbncf |
|
| 830 | 0 |
_aUniversale economica _0IT\ICCU\CFI\0001103 |
|
| 942 |
_2ddc _cBK _n0 |
||
| 981 | 1 |
_6z01 _ai _bxxxe |
|
| 982 | 1 |
_6z01 _an |
|
| 999 |
_c28916 _d28916 |
||